[Event "ICS Rated standard match"]
[Site "204.178.125.65"]
[Date "1999.11.20"]
[Round "?"]
[White "Hossa"]
[Black "robbok1"]
[Result "1/2-1/2"]
[WhiteElo "2342"]
[BlackElo "2511"]
[Annotator "Hiarcs 7.32 (22s)"]
[PlyCount "140"]
[EventDate "1999.??.??"]

1. e4 1... c5 {Opening = B32 - 3.d4 (cd4 4.Nd4 ---)} 2. Nf3 Nc6 3. d4 cxd4 4.
Nxd4 e5 5. Nb5 d6 6. c4 Be7 7. N1c3 a6 8. Na3 Be6 9. Nc2 Bg5 10. Bxg5 Qxg5 11.
Ne3 $146 (11. Qd2 Qxd2+ 12. Kxd2 Nf6 13. f3 Ke7 14. Be2 g5 15. Nd5+ Bxd5 16.
cxd5 Na7 17. Ne3 h5 18. Rac1 Rac8 19. h4 gxh4 20. Rxc8 Nxc8 21. Nf5+ Kd7 22.
Nxh4 Ne7 23. Rc1 Kd8 24. b4 Nd7 25. Ke3 25... Rg8 {
Neurohr,S-Schmittdiel,E/BL2-S 1994/BL2/1/2-1/2 (47)}) (11. Nd5 Rc8 (11... Bxd5
12. cxd5 Nce7 13. Ne3 Nf6 14. Qa4+ Kf8 15. Qb4 b5 16. Bd3 Qf4 17. Qxd6 Nxe4 18.
Bxe4 Qxe4 19. Rc1 h5 20. O-O Rh6 21. Qa3 Rd8 22. Rc7 Rhd6 23. Rd1 Nxd5 24. Rxd5
b4 25. Rxd6 Rxd6 26. Qb3 {
1-0 Zhang Pengxiang-Durao,M/Beijing Lee Cup 1996/EXP 54 (26)}) 12. g3 Nh6 13.
Bg2 f5 14. f4 Qg6 15. O-O O-O 16. Ncb4 Qe8 17. Nxc6 bxc6 18. Ne3 Qe7 19. fxe5
Qa7 20. Qe2 dxe5 21. exf5 Nxf5 22. Rae1 Nd4 23. Qd3 Qc7 24. Kh1 a5 25. b3 Rxf1+
26. Rxf1 Rf8 27. Qe4 {
1/2-1/2 Dvoirys,S-Starosek,K/Omsk 1996/CBM 57/[Horvath,T] (27)}) 11... Nge7 12.
Qxd6 Rd8 13. Qc5 O-O 14. Ncd5 {Der Springer dominiert} 14... Ng6 15. Rd1 Nh4
16. b4 f5 17. exf5 Nxf5 18. Bd3 $11 (18. Nxf5 $5 $142 18... Bxf5 19. h4 $14)
18... Nxe3 $16 (18... Bxd5 19. Bxf5 Bf7 20. Rxd8 20... Rxd8 $18) 19. Nxe3 Rf4
20. O-O Rfd4 21. Be2 21... Qf4 $18 (21... Qe7 22. Qxe7 Nxe7 23. a3 $16) 22. Nd5
$14 (22. Qb6 $5 22... R8d7 23. Bf3 $16) 22... Bxd5 $16 (22... Qf8 $5 $14) 23.
cxd5 Nxb4 24. Rxd4 Qxd4 25. Qe7 Rf8 26. d6 26... Nc6 $18 (26... b5 $5 $16 $142)
27. Qxb7 Qxd6 28. Qxa6 {a2 wird ein starker Freibauer werden} 28... Qf6 29. a4
Rd8 30. Bb5 Nd4 31. Qxf6 {Droht Matt} 31... gxf6 32. Bc4+ Kf8 33. Rb1 (33. a5
Rc8 34. Bd3 34... Rc3 $18) 33... Ra8 34. Ra1 Ra5 35. Kf1 f5 36. Bd3 Ke7 37. f3
Ke6 38. Bc4+ Kd6 39. Kf2 Kc5 40. Bf7 Kd6 41. h4 $16 (41. Ra2 41... Kc5 $18)
41... e4 42. Ra2 42... Re5 $18 (42... Ra7 $5 43. Bh5 43... Re7 $16) 43. Ke3 Kc5
44. fxe4 Rxe4+ 45. Kf2 Rxh4 46. a5 Rf4+ 47. Kg1 Nb5 48. a6 Kb6 49. Be8 Na7 50.
Bd7 Kc7 51. Be6 (51. g3 Rg4 52. Bxf5 Rxg3+ 53. Kf2 Rc3 54. Bxh7 54... Nb5 $14)
51... Kd6 52. Bg8 h6 53. Ra5 Kc7 54. Be6 Kb6 55. Ra2 Nc6 56. Bd7 Na7 57. g3 Rg4
58. Kg2 Rg5 59. Kf3 Kc7 60. Be8 Kb6 61. Ra1 Rg7 62. Kf4 $16 (62. Rh1 $142 {
und aller Vorteil laege nun bei Weiss} 62... Rh7 63. Bg6 $18) 62... Rg4+ 63.
Kxf5 {Der weisse Koenig wird gefaehrlich} 63... Rxg3 64. Kf6 Rg5 65. Bg6 Ra5
66. Rxa5 $11 (66. Rb1+ Kxa6 67. Rh1 67... Nc6 $16) 66... Kxa5 67. Bd3 Kb6 68.
Kg6 Nc6 69. Kxh6 Nb4 70. Kh5 Nxa6 1/2-1/2

[Event "ICS rated standard match"]
[Site "204.178.125.65"]
[Date "1999.11.20"]
[Round "?"]
[White "Moron"]
[Black "Hossa"]
[Result "1-0"]
[WhiteElo "2604"]
[BlackElo "2349"]
[PlyCount "129"]
[EventDate "1999.??.??"]

1. e4 e5 2. Nf3 Nc6 3. Bb5 a6 4. Ba4 Nf6 5. O-O Be7 6. Re1 b5 7. Bb3 d6 8. c3
O-O 9. h3 Na5 10. Bc2 c5 11. d4 Qc7 12. Nbd2 cxd4 13. cxd4 Nc6 14. Nb3 Bb7 15.
d5 Nb4 16. Bb1 Rfc8 17. Bd2 a5 18. a3 a4 19. Bxb4 axb3 20. Bd3 Ba6 21. Rc1 Qb7
22. Qxb3 Nd7 23. Be2 Nb6 24. Nd2 Bg5 25. Rxc8+ Rxc8 26. Bg4 Rc7 27. Nf3 Be7 28.
Nxe5 dxe5 29. d6 Bxd6 30. Bxd6 Rc6 31. Bxe5 Qe7 32. Qg3 f6 33. Bc3 Nd7 34. Rd1
Ne5 35. Bxe5 fxe5 36. Rd5 Kh8 37. Qxe5 Rc1+ 38. Kh2 Qxe5+ 39. Rxe5 Kg8 40. Re6
Bb7 41. Re7 Bc6 42. Be6+ Kf8 43. Rc7 Rc2 44. f3 b4 45. axb4 Ba4 46. Rf7+ Ke8
47. b3 Bb5 48. Rxg7 h5 49. h4 Kf8 50. Rh7 Be8 51. Bc4 Bg6 52. Rb7 Rf2 53. b5
Rd2 54. b6 Rd6 55. e5 Rd8 56. e6 Re8 57. Rc7 Bd3 58. b7 Bf5 59. Bb5 Rb8 60. e7+
Kg8 61. e8=Q+ Rxe8 62. Bxe8 Bd3 63. b8=Q Ba6 64. Bxh5+ Bc8 65. Qxc8# {
Hossa checkmated} 1-0

[Event "ICS Rated standard match"]
[Site "204.178.125.65"]
[Date "1999.11.20"]
[Round "?"]
[White "Hossa"]
[Black "star"]
[Result "0-1"]
[WhiteElo "2343"]
[BlackElo "2390"]
[PlyCount "136"]
[EventDate "1999.??.??"]

1. e4 c6 2. d4 d5 3. Nc3 dxe4 4. Nxe4 Bf5 5. Ng3 Bg6 6. Nf3 Nd7 7. Be2 e6 8.
O-O Bd6 9. c4 Ngf6 10. Nh4 Ne4 11. Nf3 Ndf6 12. Ne5 Nxg3 13. hxg3 Be4 14. Bf4
O-O 15. Qd2 Bf5 16. Qe3 Qe7 17. Bg5 c5 18. g4 cxd4 19. Qxd4 Rad8 20. Bf3 Bc5
21. Qf4 Bc2 22. Rac1 Rd4 23. Qg3 Bd3 24. Rfd1 Bg6 25. Qh4 Rfd8 26. Rf1 Qc7 27.
Nxg6 hxg6 28. Rc3 Rd3 29. Rxd3 Rxd3 30. Rb1 Nh7 31. Be2 Rd7 32. Be3 Bxe3 33.
fxe3 Qe5 34. Kf2 Nf6 35. Rh1 Ne4+ 36. Kf3 f6 37. b4 Rd2 38. Qh8+ Kf7 39. Qh2
Ng5+ 40. Kf2 Rxe2+ 41. Kxe2 Qb2+ 42. Kf1 Qc1+ 43. Ke2 Qc2+ 44. Ke1 e5 45. Qh4
Ne4 46. Rh3 g5 47. Qg3 Qc1+ 48. Ke2 Qxc4+ 49. Ke1 Qxb4+ 50. Ke2 Qc4+ 51. Ke1
Nxg3 52. Rxg3 Qxa2 53. Kf1 a5 54. Rh3 a4 55. Rh8 Qb1+ 56. Kf2 a3 57. Kg3 b5 58.
Rc8 b4 59. Rc7+ Kg6 60. Ra7 a2 61. Ra8 b3 62. Kh2 a1=Q 63. Rxa1 Qxa1 64. Kg3
Qe1+ 65. Kf3 b2 66. g3 b1=Q 67. Kg2 Qd2+ 68. Kh3 68... Qf1# {Hossa checkmated}
0-1

[Event "ICS rated standard match"]
[Site "204.178.125.65"]
[Date "1999.11.20"]
[Round "?"]
[White "Moron"]
[Black "Hossa"]
[Result "1-0"]
[WhiteElo "2619"]
[BlackElo "2326"]
[PlyCount "89"]
[EventDate "1999.??.??"]

1. e4 e6 2. d4 d5 3. Nc3 Bb4 4. e5 Ne7 5. a3 Bxc3+ 6. bxc3 c5 7. a4 b6 8. Bb5+
Bd7 9. Bd3 Nbc6 10. Qg4 cxd4 11. cxd4 h5 12. Qxg7 Rg8 13. Qh7 Nxd4 14. Bb2 Ndf5
15. g3 Ng7 16. Ne2 Qc7 17. Bd4 O-O-O 18. a5 b5 19. c3 Kb7 20. Qh6 Ng6 21. Bxg6
fxg6 22. Qxg6 Rdf8 23. Qg5 Be8 24. Qd2 Bg6 25. a6+ Ka8 26. Nf4 Be4 27. Rg1 Rf7
28. Qb2 Qc6 29. Qa3 Bf3 30. Qc5 Rc7 31. Qxc6+ Rxc6 32. Kd2 Nf5 33. Rgb1 Rb8 34.
Rb4 Bg4 35. h3 Bf3 36. Ra5 Rbc8 37. Raxb5 Nxd4 38. Rxd4 Rxa6 39. Rdb4 Rac6 40.
Rb3 Ra6 41. Rb2 Rac6 42. R5b3 Rd8 43. Ra3 Rdc8 44. Rba2 R8c7 45. Ra6 {
Hossa resigns} 1-0

[Event "ICS rated standard match"]
[Site "204.178.125.65"]
[Date "1999.11.20"]
[Round "?"]
[White "Hossa"]
[Black "xLars"]
[Result "1/2-1/2"]
[WhiteElo "2321"]
[BlackElo "2144"]
[Annotator "Hiarcs 7.32 (22s)"]
[PlyCount "179"]
[EventDate "1999.??.??"]

1. d4 1... d5 {Opening = D03 - 2.Nf3 Nf6 3.Bg5} 2. Nf3 Nf6 3. c3 e6 4. Bg5 c5
5. e3 Qb6 6. Qb3 6... Ne4 $146 (6... Nbd7 7. Nbd2 Bd6 8. Be2 O-O 9. O-O Qc7 10.
Rfd1 b6 11. Rac1 c4 12. Qc2 Bb7 13. Bh4 b5 14. Bg3 Bxg3 15. hxg3 h6 16. Nh2 Ne4
17. Bf3 f5 18. Ndf1 Bc6 19. b4 a5 20. a3 axb4 21. axb4 {
Koenig,D-Nikolac,J/Munich op9293 1993/TD 92\11/0-1 (63)}) (6... Qxb3 7. axb3
Ne4 8. Bf4 cxd4 9. exd4 Bd6 10. Bxd6 Nxd6 11. Nbd2 O-O 12. Bd3 Bd7 13. O-O Bb5
14. Bxb5 Nxb5 15. Ne5 Nc6 16. Nxc6 bxc6 17. Ra6 Rfc8 18. b4 Rc7 19. Rfa1 Re8
20. f4 Kf8 21. Kf2 {Franke,H-Wiekert,M/Dortmund op 1988/TD 88\03/1-0 (32)}) (
6... c4 7. Qc2 Nbd7 8. Nbd2 Be7 9. Be2 h6 10. Bh4 Qc7 11. O-O b5 12. Bg3 Qd8
13. Ne5 Bb7 14. Bf3 O-O 15. e4 Nxe5 16. Bxe5 Rc8 17. Rfe1 Nd7 18. exd5 exd5 19.
Bg4 Rc6 20. Qf5 Bc8 21. Qf3 {Messner,H-Busch,R/BL 8182 1982/BL 80/1/2-1/2 (51)}
) 7. Bf4 7... c4 {Raumgewinn} 8. Qxb6 axb6 9. Nbd2 Nxd2 10. Nxd2 Nd7 11. Be2 f5
12. O-O Be7 13. Bh5+ g6 14. Be2 b5 15. Bh6 15... Bf8 $16 (15... b4 16. cxb4
Bxb4 17. Nf3 $14) 16. Bg5 $14 (16. Bxf8 Kxf8 17. Rfe1 17... b6 $14) 16... Be7
17. Bf4 Nf6 18. Nf3 O-O 19. Bg5 Re8 20. a3 {Kontrolliert b4} 20... Nd7 21. Bh6
Bf8 22. Bf4 Nf6 23. Bc7 Be7 24. Rad1 Bd8 25. Bd6 Be7 26. Bf4 Nd7 27. Rfe1 Nf6
28. Rc1 Bd7 29. Ne5 Bc6 30. Red1 Nd7 31. Nxc6 $11 (31. Nf3 31... Nf6 $14) 31...
bxc6 32. Bg3 Ra7 33. h4 h5 34. f3 Nf6 35. Bf4 Nh7 36. g3 {Ueberdeckt h4} 36...
Rd8 37. Kf2 Bd6 38. Rd2 Bxf4 39. exf4 Nf6 40. Re1 Kf7 41. Bd1 Re8 42. Rde2 {
Mit Angriff auf den rueckstaendigen Bauern} 42... Rae7 43. Bc2 Ra7 44. Bb1 Rae7
45. Re3 Ra7 46. Re5 Rae7 47. Bc2 Nd7 48. R5e2 Nf6 49. Re3 Ra7 50. Ke2 Rae7 (
50... Nd7 51. Kd2 $14) 51. Kf1 Ra7 52. R1e2 Rae7 53. Kg2 Ra7 54. Rd2 Rae7 55.
Kf2 Ra7 56. Rd1 Rae7 57. Kg1 Ra7 58. Re2 Rae7 59. Rde1 Ra7 60. Re3 Rae7 61. Bd1
Ra7 62. Kf2 Rae7 63. Ke2 Ra7 64. Kd2 Rae7 65. Bc2 Ra7 66. R3e2 Rae7 67. Bd1 Ra7
68. Re5 Nd7 69. R5e3 Nf6 70. R1e2 Rae7 71. Ke1 Ra7 72. Kf2 Rae7 73. Bc2 Ra7 74.
Kg1 Rae7 75. Kh2 Ra7 76. Kh3 Rae7 77. Re1 Ra7 78. Kg2 Rae7 79. R3e2 Ra7 80. Bb1
Rae7 81. Kg1 Ra7 82. Re3 Rae7 83. Kf1 Ra7 84. Ke2 Rae7 85. Kd2 Ra7 86. R1e2
Rae7 87. Rg2 Rg8 88. Rg1 Rge8 89. Rd1 Ra7 90. Ree1 1/2-1/2

[Event "ICS rated blitz match"]
[Site "204.178.125.65"]
[Date "1999.11.20"]
[Round "?"]
[White "Zippy"]
[Black "Hossa"]
[Result "0-1"]
[WhiteElo "2277"]
[BlackElo "2294"]
[Annotator "Hiarcs 7.32 (22s)"]
[PlyCount "160"]
[EventDate "1999.??.??"]

1. d4 1... d5 {Opening = D35 - 3.Nc3 Nf6(4.cd5 ed5 5.Bg5 c6 6.---)} 2. c4 e6 3.
Nc3 Nf6 4. Nf3 Be7 5. Bg5 O-O 6. e3 Nbd7 7. cxd5 exd5 8. Bd3 c5 9. O-O 9...
cxd4 $16 (9... Nb6 10. dxc5 Bxc5 11. Be2 Bg4 12. Qd3 g6 13. Bd1 Be7 14. h3 Be6
15. Na4 Rc8 16. Nxb6 Qxb6 17. Rb1 Bf5 18. Qd4 Qxd4 19. exd4 Bxb1 20. Bh6 Rfd8
21. Ba4 Bxa2 22. b3 a6 23. b4 Bc4 24. Re1 {
Faria,F-Chan Chiu/WchJM-U10 St.Lorenzo 1995/JUN 95/0-1 (41)}) (9... a6 10. Bf5
c4 11. Qe2 b5 12. a3 Bb7 13. Rad1 Re8 14. Ne5 Nf8 15. f4 N6d7 16. Bxe7 Rxe7 17.
Rf3 f6 18. Nxd7 Nxd7 19. Rh3 g6 20. Bc2 Nf8 21. Re1 Qd6 22. f5 g5 23. Qh5 Rae8
24. Nd1 Bc6 25. Qh6 Rf7 26. Rg3 Rg7 27. Nf2 Nd7 28. Re2 Qf8 29. Ng4 Rge7 30.
Qh5 Kh8 31. Kf2 Qf7 32. Qh6 Qg7 33. Qh5 Qf7 34. Qh6 Qg7 35. Qh3 Nb6 36. Qh5 Nc8
37. h4 gxh4 38. Qxh4 Qg5 39. Qxg5 fxg5 40. Ne5 Rxe5 41. dxe5 Rxe5 42. Rxg5 Nd6
43. Re1 Ne8 44. Rh1 Re7 45. Rh6 Bb7 46. f6 Rf7 47. Rf5 a5 48. Rf4 Kg8 49. Bxh7+
Kf8 50. Bg6 Rxf6 51. Bxe8 {1-0 Sahlender,F-Gahntz,B/BL2-N 1993/BL2 (51)}) (9...
c4 10. Bc2 $14) 10. Nxd4 {Der Springer kann schlecht vertrieben werden.} 10...
Nc5 11. Bc2 Ne6 12. Bh4 Nxd4 13. Qxd4 b6 14. Rfd1 Be6 15. Bd3 15... Bc5 {
Schwarz erhaelt starke Initiative} 16. Qf4 16... Qb8 $18 (16... Be7 $5 $16 $142
) 17. Bxf6 {Droht Matt: Qg5} 17... Qxf4 18. exf4 gxf6 19. f5 Bd7 20. Nxd5 Kg7
21. b4 $16 (21. Nf4 21... Kh8 $18) 21... Bd4 22. Rac1 Rad8 23. Ba6 $16 (23. Rc7
Bxf5 24. Bc4 Bb2 25. Rxa7 25... Rfe8 $18) 23... Bb2 24. Rc7 Bxf5 25. Rxa7 Rfe8
26. Bc4 (26. Bf1 Re4 27. a3 27... Bd4 $16) 26... Re5 27. f4 $11 (27. Bb3 $5 $16
) 27... Re4 28. Bb3 Bg4 29. Rf1 (29. Rb1 Bd4+ 30. Kh1 30... Be6 $14) 29... Be6
30. Nc7 $17 (30. Ne7 $5 $142 {sieht noch spielbar aus} 30... Bd7 31. Nd5 $11)
30... Bxb3 31. axb3 Rd2 32. f5 $2 $19 (32. Nb5 $17 $142) 32... Kh6 {
Es droht Matt} 33. Ra8 33... Rxb4 $17 (33... Bd4+ 34. Kh1 Rde2 35. g3 $19) 34.
Rf3 Rh4 (34... Be5 35. Nb5 $17) 35. h3 $4 $19 {
verschlechtert die Stellung weiter} (35. Nb5 $17 $142) 35... Re4 (35... Bd4+
$142 {entschiede die Partie sofort} 36. Kh2 Be5+ 37. Kg1 37... Bxc7 $19) 36.
Nb5 $4 {ein Versehen in unangenehmer Stellung} (36. Rf1 $19 $142) 36... Ree2
$17 (36... Re5 $19 $142 {ist der schnellste Weg}) 37. Rg8 Re1+ (37... Be5 38.
Rf1 $17) 38. Rf1 Rxf1+ 39. Kxf1 Rd5 40. Na7 Rxf5+ 41. Kg1 Bd4+ 42. Kh2 Rf1 43.
Nc6 Be5+ 44. Nxe5 fxe5 45. Re8 (45. Rb8 45... f5 $17) 45... Rf5 46. g4 Rf2+ 47.
Kg3 Rb2 48. Rxe5 Rxb3+ 49. Kf4 b5 50. Rf5 b4 51. Rh5+ Kg7 52. Rg5+ Kh8 53. Rb5
Rb1 54. Ke4 Kg7 55. Kd4 (55. Rg5+ Kf6 56. Rb5 56... Kg6 $17) 55... Rb3 56. h4
$2 $19 (56. Rg5+ $5 $142 56... Kh8 57. Rb5 $17) 56... Rg3 57. Rg5+ Kf6 (57...
Kf8 $5 $142 {waere im Gewinnsinne praeziser} 58. Ke5 h6 59. Rh5 Rxg4 60. Rxh6
$19) 58. Rf5+ Ke7 59. Re5+ (59. Rf4 b3 60. Ke5 60... b2 $19) 59... Kd6 60. g5
$4 {ein Fehler, doch es war nicht viel zu retten} (60. Rd5+ Kc6 61. Rc5+ Kb6
62. g5 $19) 60... Rg4+ 61. Re4 Rxe4+ 62. Kxe4 f6 63. gxf6 Ke6 64. Ke3 (64. f7 {
hilft allerdings auch nicht} 64... Kxf7 65. h5 Kg7 66. Kd4 Kh6 67. Kc4 Kxh5 68.
Kxb4 Kh4 69. Kc4 h5 70. Kd3 Kh3 71. Ke3 Kg2 72. Ke4 h4 73. Kf4 h3 74. Kg4 h2
75. Kf4 h1=Q 76. Ke4 Qh5 77. Kd4 Qb5 78. Ke4 Qc5 79. Kf4 Qd5 80. Ke3 Qc4 81.
Kd2 Kf2 82. Kd1 Ke3 83. Ke1 Qc1#) 64... Kxf6 65. Ke2 (65. Kd3 {
aendert nichts am Ausgang der Partie} 65... h5 66. Kc4 Kf5 67. Kxb4 Kg4 68. Kc4
Kxh4 69. Kd3 Kh3 70. Ke3 Kg2 71. Ke4 h4 72. Kf4 h3 73. Kg4 h2 74. Kf4 h1=Q 75.
Ke4 Qh5 76. Kd4 Qb5 77. Ke4 Qc5 78. Kf4 Qd5 79. Ke3 Qc4 80. Kd2 Kf2 81. Kd1 Ke3
82. Ke1 Qc1#) 65... h5 66. Kd2 (66. Ke3 {aendert nichts mehr} 66... Kf5 67. Kd3
Kg4 68. Ke3 Kxh4 69. Ke4 Kg4 70. Kd4 h4 71. Kc4 h3 72. Kxb4 h2 73. Kc4 h1=Q 74.
Kc5 Qh4 75. Kd5 Kf5 76. Kc5 Ke5 77. Kc6 Qc4+ 78. Kb6 Kd6 79. Kb7 Qb4+ 80. Ka7
Kc6 81. Ka8 Qb7#) 66... Kf5 67. Kc2 (67. Ke2 {holt die Kuh nicht vom Eis} 67...
Kg4 68. Ke3 Kxh4 69. Ke4 Kg4 70. Kd4 h4 71. Kc4 h3 72. Kxb4 h2 73. Kc4 h1=Q 74.
Kc5 Qh4 75. Kd5 Kf5 76. Kc5 Ke5 77. Kc6 Qc4+ 78. Kb6 Kd6 79. Kb7 Qb4+ 80. Ka7
Kc6 81. Ka8 Qb7#) 67... Kg4 68. Kb2 (68. Kd2 {hilft allerdings auch nicht}
68... Kxh4 69. Ke2 Kg4 70. Ke3 h4 71. Kd3 h3 72. Kc4 h2 73. Kxb4 h1=Q 74. Kb5
Qh4 75. Kc5 Kf5 76. Kc6 Qc4+ 77. Kb6 Ke5 78. Kb7 Qb5+ 79. Kc7 Ke6 80. Kc8 Kd6
81. Kd8 Qb8#) 68... Kxh4 69. Kc2 Kg5 70. Kd3 (70. Kd2 {
kann das Vorangegangene nicht ungeschehen machen} 70... h4 71. Kd3 h3 72. Kc4
h2 73. Kxb4 h1=Q 74. Kb5 Qh4 75. Kc5 Qa4 76. Kd5 Kf5 77. Kd6 Qc4 78. Kd7 Qc5
79. Ke8 Qc7 80. Kf8 Kf6 81. Kg8 Qg7#) 70... Kf5 71. Kd2 (71. Ke3 {
hilft auch nicht mehr} 71... h4 72. Kd3 h3 73. Kc4 h2 74. Kxb4 h1=Q 75. Kc4
Qh4+ 76. Kc5 Ke5 77. Kc6 Qc4+ 78. Kb6 Kd6 79. Kb7 Qb4+ 80. Ka7 Kc6 81. Ka8 Qb7#
) 71... Ke5 72. Ke2 h4 73. Ke3 (73. Kd3 {nuetzt auch nichts mehr} 73... h3 74.
Kc4 h2 75. Kxb4 h1=Q 76. Kc4 Qh3 77. Kc5 Qc3+ 78. Kb5 Kd6 79. Kb6 Qb3+ 80. Ka6
Kc6 81. Ka7 Qb7#) 73... h3 74. Kf3 b3 75. Kg3 b2 76. Kxh3 Kf4 77. Kg2 (77. Kh2
{aendert den traurigen Lauf der Dinge nicht} 77... b1=Q 78. Kg2 Qe1 79. Kh2 Kf3
80. Kh3 Qh1#) 77... b1=Q 78. Kf2 Qb2+ 79. Ke1 (79. Kf1 {
macht keinen grossen Unterschied} 79... Kf3 80. Kg1 Qg2#) 79... Ke3 80. Kd1 (
80. Kf1 {waere gleichermassen fruchtlos} 80... Qf2#) 80... Qb1# (80... Qd2#)
0-1

[Event "ICS rated blitz match"]
[Site "204.178.125.65"]
[Date "1999.11.20"]
[Round "?"]
[White "Hossa"]
[Black "SharpShooter"]
[Result "1-0"]
[WhiteElo "2309"]
[BlackElo "2654"]
[Annotator "Hiarcs 7.32 (22s)"]
[PlyCount "103"]
[EventDate "1999.??.??"]

1. d4 1... d5 {Opening = D20 - 3.---} 2. c4 dxc4 3. e3 e5 4. Bxc4 4... Bb4+
$146 (4... exd4 5. Nf3 (5. Qb3 Qe7 6. Nf3 Qb4+ 7. Bd2 Qxb3 8. axb3 dxe3 9. Bxe3
Nc6 10. O-O Bd6 11. Nc3 Nge7 12. Nb5 O-O 13. h3 Nf5 14. Bxa7 Nxa7 15. Nxa7 Bd7
16. Rfd1 h6 17. Nb5 Bxb5 18. Bxb5 Rfd8 19. Kf1 Rxa1 20. Rxa1 20... c6 {
1/2-1/2 Petran,P-Hardicsay,P/HUN-chT 1993/TD 93\08 (20)}) 5... Bb4+ 6. Kf1 Nc6
7. Nxd4 Nxd4 8. exd4 a5 9. a3 Bd6 10. Qb3 Qf6 11. Nc3 Qf5 12. Nb5 Ne7 13. Nxd6+
cxd6 14. Qg3 Be6 15. Bxe6 fxe6 16. h3 O-O 17. Kg1 Qd5 18. Be3 Rac8 19. Kh2 Nf5
20. Qg4 Rc2 21. Rhc1 Rxb2 22. Rc7 g6 23. Rac1 e5 24. dxe5 Nxe3 25. fxe3 Qxe5+
26. Kh1 Rbf2 27. Qc4+ d5 28. Qd3 R8f3 29. Qb5 Rxh3+ 30. Kg1 Rxg2+ 31. Kxg2
31... Rh1 {0-1 Tatai,S-Comp ChessMachine/Dortmund op-A 1992/TD 92\03 (31)}) (
4... Nc6 5. Nf3 e4 6. Nfd2 Qg5 7. Kf1 Nf6 8. Nc3 Qg6 9. Bb5 Bd7 10. d5 Ne5 11.
Bxd7+ Nexd7 12. Qa4 Bd6 13. Ndxe4 O-O 14. f3 Nxe4 15. Nxe4 Nb6 16. Qb3 Rae8 17.
Nc3 Nd7 18. g3 h5 19. Kg2 {Sliwa,B-Stahlberg,G/Goteborg izt 1955/IZT/0-1 (31)})
5. Nc3 exd4 6. exd4 a6 7. a3 Bd6 8. Ne4 Nf6 9. Nxd6+ Qxd6 10. Ne2 Qc6 11. Qb3
Qxg2 12. Bxf7+ Kf8 13. Rg1 Qe4 14. Bc4 b5 15. Bd3 Qe8 16. Bg5 Be6 17. Qc2 Nbd7
18. Qxc7 Nh5 19. a4 bxa4 20. Rxa4 Kf7 21. Rxa6 Rc8 22. Qd6 Rb8 23. b4 Rc8 24.
Ra7 Rb8 25. f4 Rf8 26. f5 Bb3 27. Qxd7+ Kg8 28. Qxe8 Rfxe8 29. b5 Kf8 30. Kf2
Bf7 31. Ng3 Nxg3 32. hxg3 h6 33. Bd2 Rbd8 34. Bc3 (34. Rc1 {
gibt noch groesseren Vorteil} 34... Rc8 $18) 34... Kg8 35. b6 (35. Re1 {
erleichterte Weiss die Gewinnfuehrung} 35... Rxe1 36. Kxe1 36... Bd5 $18) 35...
Rd6 (35... Rb8 {macht keinen grossen Unterschied} 36. Ba5 Bd5 37. Rc1 $18) 36.
Rb1 Rb8 37. b7 Bd5 38. Bd2 Rd7 39. Ba6 (39. Ra8 {ginge schneller} 39... Rdd8
40. Rxb8 40... Rxb8 $18) 39... Rf7 40. Bf4 Rxf5 41. Ke1 $1 {huebsch} 41... Rxf4
42. gxf4 Kh7 43. Rc1 (43. Bd3+ $5 {ist genauer} 43... Kg8 44. Bc4 44... Bxc4
$18) 43... Re8+ 44. Kd2 {Mit der Mattdrohung Bd3} 44... Bxb7 45. Rxb7 $1 {
nun ist alles klar} 45... Kh8 46. Rcc7 $1 {die Entscheidung. Droht Matt} 46...
Rd8 47. Rxg7 Rxd4+ 48. Bd3 $1 {triumphiert} 48... Rxf4 49. Rg3 Rf2+ 50. Ke1
Rf1+ (50... Re2+ {hilft auch nicht mehr} 51. Kxe2 h5 52. Rh7#) 51. Kxf1 h5 52.
Rb8# (52. Rh7#) 1-0

[Event "ICS rated blitz match"]
[Site "204.178.125.65"]
[Date "1999.11.20"]
[Round "?"]
[White "SharpShooter"]
[Black "Hossa"]
[Result "1-0"]
[WhiteElo "2626"]
[BlackElo "2337"]
[PlyCount "79"]
[EventDate "1999.??.??"]

1. e4 g6 2. d4 Bg7 3. Nc3 c5 4. dxc5 Qa5 5. Nge2 Nf6 6. e5 Ng4 7. f4 Qxc5 8.
Ne4 Qb6 9. N2c3 Ne3 10. Qd3 Nxf1 11. Rxf1 Nc6 12. Nd5 Nb4 13. Nxb4 Qxb4+ 14. c3
Qa4 15. Be3 Qa6 16. Qd2 Qc6 17. Ng5 O-O 18. f5 Bxe5 19. Nf3 Bc7 20. Nd4 Qd5 21.
fxg6 fxg6 22. Rxf8+ Kxf8 23. O-O-O Qxa2 24. Bh6+ Ke8 25. Qf2 d5 26. Qf3 Bxh2
27. g3 Bg1 28. Nc2 Bc5 29. Rxd5 Bd6 30. Qf8+ Kd7 31. Rxd6+ Kxd6 32. Qd8+ Kc5
33. Qxe7+ Kb5 34. Nd4+ Ka6 35. Qe2+ Kb6 36. Qb5+ Kc7 37. Bf4+ Kd8 38. Bg5+ Kc7
39. Qc5+ Kd7 40. Qe7# {Hossa checkmated} 1-0

[Event "ICS rated standard match"]
[Site "204.178.125.65"]
[Date "1999.11.20"]
[Round "?"]
[White "Zippy"]
[Black "Hossa"]
[Result "0-1"]
[WhiteElo "2125"]
[BlackElo "2313"]
[PlyCount "130"]
[EventDate "1999.??.??"]

1. d4 d5 2. c4 e6 3. Nf3 Nf6 4. Nc3 Be7 5. Bg5 h6 6. Bxf6 Bxf6 7. e4 dxe4 8.
Nxe4 Nc6 9. Nxf6+ Qxf6 10. Qd2 b6 11. O-O-O Ba6 12. Re1 O-O-O 13. Re4 Bb7 14.
Rf4 Qe7 15. Rg4 f5 16. Rg3 g5 17. d5 exd5 18. cxd5 Nb4 19. a3 f4 20. Rh3 Nxd5
21. Ne1 Ne3 22. Bd3 Nxg2 23. Nxg2 Bxg2 24. Ba6+ Kb8 25. Re1 Qc5+ 26. Rc3 Rxd2
27. Rxc5 Rxf2 28. Rce5 Rd8 29. Re8 Rfd2 30. Rxd8+ Rxd8 31. Re6 f3 32. Rxh6 Rf8
33. Rg6 f2 34. Kd2 f1=N+ 35. Kc3 Nxh2 36. Rxg5 Bf1 37. Bxf1 Nxf1 38. Rg7 Rf3+
39. Kd4 Kb7 40. Rg2 c5+ 41. Ke4 Rf7 42. Kd3 Rd7+ 43. Kc3 Re7 44. Rf2 Ng3 45.
Kc4 Rd7 46. Rf4 Ne2 47. Re4 Rd4+ 48. Rxd4 Nxd4 49. Kd5 a5 50. b4 axb4 51. axb4
cxb4 52. Kxd4 Ka6 53. Kc4 Ka5 54. Kb3 Kb5 55. Kb2 Kc4 56. Kc2 b3+ 57. Kb2 Kb4
58. Kb1 Kc3 59. Kc1 b2+ 60. Kd1 b1=Q+ 61. Ke2 Qf5 62. Ke3 b5 63. Ke2 Qf4 64.
Ke1 Kd3 65. Kd1 65... Qf1# {Zippy checkmated} 0-1

[Event "ICS rated standard match"]
[Site "204.178.125.65"]
[Date "1999.11.20"]
[Round "?"]
[White "Hossa"]
[Black "SharpShooter"]
[Result "1-0"]
[WhiteElo "2321"]
[BlackElo "2449"]
[PlyCount "233"]
[EventDate "1999.??.??"]

1. e4 e5 2. Nf3 Nc6 3. Bb5 a6 4. Ba4 Nf6 5. O-O Be7 6. Re1 b5 7. Bb3 d6 8. c3
O-O 9. h3 Na5 10. Bc2 c5 11. d4 Qc7 12. Nbd2 cxd4 13. cxd4 Nc6 14. Nb3 a5 15.
Be3 a4 16. Nbd2 exd4 17. Nxd4 Nxd4 18. Bxd4 Be6 19. Bd3 Qd7 20. Nf3 b4 21. Ng5
h6 22. Nxe6 fxe6 23. e5 dxe5 24. Bxe5 Nd5 25. Qg4 Bc5 26. Re2 Rad8 27. Qg6 Nf6
28. Bc4 Qc6 29. b3 axb3 30. axb3 Kh8 31. Bg3 Bd4 32. Ra6 Qc5 33. Raxe6 Rd7 34.
Bd3 Qc1+ 35. Kh2 Bc5 36. Rc2 Qg5 37. Qxg5 hxg5 38. Bb5 Rd5 39. Bc6 Rf5 40. Be5
Rxe5 41. Rxe5 Bd6 42. f4 Rd8 43. Rb5 Bxf4+ 44. g3 Rd2+ 45. Rxd2 Bxd2 46. Rb8+
Kh7 47. Rd8 Bc3 48. Kg1 g4 49. h4 Kg6 50. Kg2 Kf5 51. Bb5 Be5 52. Bd3+ Ke6 53.
Bg6 Ke7 54. Ra8 Nd5 55. Re8+ Kf6 56. h5 Ne3+ 57. Kh1 Nd1 58. Kh2 Ne3 59. Kg1
Nd5 60. Kf2 Bd4+ 61. Kg2 Ne3+ 62. Kh1 Be5 63. Bd3 Nd5 64. Kg2 Ne3+ 65. Kh2 Nd1
66. Rc8 Bc3 67. Rf8+ Kg5 68. Bg6 Ne3 69. Rf4 Bd2 70. Re4 Kf6 71. Kh1 Kg5 72.
Kg1 Nd1 73. Kf1 Bc3 74. Ke2 Nb2 75. Rf4 Bf6 76. Kd2 Be7 77. Kc2 Bd6 78. Rf5+
Kh6 79. Kxb2 Bxg3 80. Rf8 Bd6 81. Re8 g3 82. Bf7 Kg5 83. Re6 Bf4 84. Rg6+ Kh4
85. Kc2 Bg5 86. Bd5 Bh6 87. Bf3 Kh3 88. Kd3 Kh4 89. Rg4+ Kxh5 90. Rxb4+ Kg6 91.
Rg4+ Kf5 92. Rxg3 Kf4 93. Rh3 Bg5 94. Be4 Be7 95. Rf3+ Ke5 96. Bg6 Kd5 97. Rf7
Bf6 98. b4 Ba1 99. Rf8 Bf6 100. Rc8 Bh4 101. b5 Bf2 102. Rc7 Kd6 103. Rxg7 Kc5
104. Be8 Kd6 105. Rg6+ Kc7 106. Bf7 Ba7 107. Bb3 Bf2 108. Bd5 Kd7 109. b6 Bc5
110. b7 Ba7 111. Rg8 Kd6 112. Ra8 Bb8 113. Rxb8 Ke5 114. Rf8 Kxd5 115. b8=Q Ke6
116. Qd8 Ke5 117. Qb6 {SharpShooter resigns} 1-0